000 01405nam a2200229Ii 4500
003 JO-AjNU
005 20240630095149.0
008 230605s9999||||xx |||||||||||||| ||und||
040 _aJO-AjNU
_bara
_erda
_cJO-AjNU
041 _aara
050 1 4 _aQA37.2 2016
100 1 _aناجي، عبير علي
_eمعد
_965897
245 1 0 _aفاعلية برنامج تعليمي مستند الى نظرية (تريز) للحل الابداعي في تحسين مهارات التفكير البصري والاتجاه نحو تعلم الهندسة لدى طالبات الصف السادس الاساسي في الاردن= The Effectiveness of an Instructional Program Based on TRIZ theory for Creative Solution in Improving Visual Thinking Skills and the attitude T /
_cاعداد عبير علي ناجي ؛ إشراف احمد حسن القضاة
260 _c2016
300 _a118ورقة
_bرسالة جامعية( ماجستير في مناهج الرياضيات واساليب التدريس)--جامعة ال البيت، كلية العلوم التربوية(المفرق)، 2016، يشتمل على جداول توضيحية
336 _atext
_btxt
_2rdacontent
337 _aunmediated
_bn
_2rdamedia
338 _avolume
_bnc
_2rdacarrier
650 4 _aالرياضيات - تعليم - هندسة
_957596
700 1 _aالقضاة، أحمد حسن
_962613
_eمشرف
942 _2lcc
_cTHS
999 _c29388
_d29388